[Event "SWE-ch qualB"]
[Site "Ronneby"]
[Date "1998.??.??"]
[Round "?"]
[White "Couso, Luis"]
[Black "Eriksson, Anders"]
[Result "0-1"]
[WhiteElo "2235"]
[BlackElo "2290"]

1.e4 c5 2.Nf3 e6 3.d4 cxd4 4.Nxd4 Nc6 5.Nc3 a6 6.Be3 Qc7 7.Bd3 Nf6 8.O-O Ne5
9.h3 Bc5 10.Qe2 d6 11.f4 Nxd3 12.cxd3 e5 13.fxe5 dxe5 14.Nf5 Bxf5 15.Rxf5 Rd8
16.Kh1 Bxe3 17.Qxe3 O-O 18.Qg3 Qd6 19.d4 exd4 20.Qxd6 Rxd6 21.e5 Re6 22.exf6 dxc3
23.fxg7 Rc8 24.bxc3 Rxc3 25.Rd1 Rc7 26.a4 Kxg7 27.a5 Rce7 28.Rdd5 f6 29.Kh2 Kg6
30.Kg3 Re3+ 31.Rf3 R3e5 32.Rd6 Rxa5 33.Rdxf6+ Kg7 34.Rb6 Rg5+ 35.Kf2 Rg6
36.Rfb3 Rf6+ 37.Kg3 Re3+ 38.Rxe3 Rxb6 39.Re7+ Kg6 40.Kf4 h5 41.h4 a5 42.Re5 a4
43.Rg5+ Kh6  0-1

[Event "ESP-chT"]
[Site "Salamanca"]
[Date "1998.??.??"]
[Round "1"]
[White "Romero Holmes, Alfonso"]
[Black "Franco Ocampo, Zenon"]
[Result "0-1"]
[WhiteElo "2485"]
[BlackElo "2485"]

1.e4 c5 2.Nc3 Nc6 3.Nf3 e6 4.d4 cxd4 5.Nxd4 Qc7 6.g3 a6 7.Bg2 d6 8.O-O Bd7
9.Re1 Be7 10.Nxc6 Bxc6 11.Qg4 h5 12.Qe2 h4 13.a4 Rc8 14.b3 Nf6 15.Bb2 Qa5
16.Rad1 hxg3 17.hxg3 Qg5 18.Nd5 Qh6 19.Nxe7 Kxe7 20.Qd2 Qh2+ 21.Kf1 Ne8 22.c4 e5
23.c5 dxc5 24.Qc3 f6 25.Qxc5+ Kf7 26.Qc4+ Kg6 27.Qe6 Nc7 28.Qf5+ Kf7 29.Bxe5 Ne6
30.Rd6 Rce8 31.Bf3 Rh6 32.Bc3 Ng5 33.Rxc6 bxc6 34.Bg2 Nh3 35.e5 Qg1+ 36.Ke2 Qxg2
37.Qd7+ Re7 38.e6+ Kg8 39.Qxe7 Nxf2 40.Qe8+ Kh7 41.e7 Qe4+ 42.Kd2 Qd3+ 43.Kc1 Qxc3+  0-1

[Event "ESP-chT"]
[Site "Salamanca"]
[Date "1998.??.??"]
[Round "2"]
[White "Martin Gonzalez, Angel"]
[Black "De la Riva Aguado, Oscar"]
[Result "1/2-1/2"]
[WhiteElo "2425"]
[BlackElo "2510"]

1.e4 c5 2.Nf3 Nc6 3.d4 cxd4 4.Nxd4 e6 5.Nc3 Qc7 6.f4 a6 7.Be2 Nxd4 8.Qxd4 b5
9.Be3 Bb7 10.Bf3 Rc8 11.O-O h5 12.h3 h4 13.Rad1 Nf6 14.e5 Nh5 15.Bxh5 Rxh5
16.Rf2 Bc5 17.Qd3 Bxe3 18.Qxe3 Qc5 19.Qd3 Rc7 20.Ne4 Bxe4 21.Qxe4 Rf5 22.Rd3 Qa7
23.Rd4 g5 24.c3 Rc5 25.fxg5 Rcxe5 26.Qxh4 Re1+ 27.Kh2 Qc7+ 28.Rff4 Qe5 29.g6 fxg6
30.Qh6 Kd8 31.h4 Qe3 32.Rde4 Qg1+ 33.Kh3 Rd1 34.Rxf5 gxf5 35.Qh8+ Kc7 36.Qe5+ d6
37.Qg7+ Kc6 38.Rd4 Re1 39.Rd3 Re2 40.Qg3 d5 41.Qh2 Qb1 42.Rf3 Re4 43.g3 Re1
44.Qf2 Qe4 45.Qa7 Qxf3 46.Qxa6+ Kc7 47.Qa7+ Kd6 48.Qb8+ Ke7 49.Qc7+ Kf6 50.Qd8+ Ke5
51.Qh8+ Kd6  1/2-1/2

[Event "ESP-chT"]
[Site "Salamanca"]
[Date "1998.??.??"]
[Round "5"]
[White "Martin Gonzalez, Angel"]
[Black "Franco Ocampo, Zenon"]
[Result "1-0"]
[WhiteElo "2425"]
[BlackElo "2485"]

1.e4 c5 2.Nf3 Nc6 3.d4 cxd4 4.Nxd4 e6 5.Nc3 Qc7 6.f4 a6 7.Be2 b5 8.Nxc6 dxc6
9.Be3 Bb7 10.O-O c5 11.Bf3 b4 12.Na4 Nf6 13.c3 a5 14.Qc2 Nd7 15.Rac1 Rc8
16.Rfd1 Be7 17.cxb4 axb4 18.Qd2 Bc6 19.Nxc5 Nxc5 20.Bxc5 Bxc5+ 21.Rxc5 O-O
22.Rdc1 Qb6 23.Qf2 Qa6 24.Qd4 Qb7 25.Qd6 Qa7 26.Kh1 Bb7 27.Rxc8 Bxc8 28.Qc7 Qa6
29.Qc6 g6 30.Qxa6 Bxa6 31.Rc6 Ra8 32.Kg1 Bd3 33.Rb6 Rxa2 34.Rxb4 h5 35.Kf2 h4
36.Ke3 Bf1 37.Kf2 Bd3 38.Rb3 Bc4 39.Rb7 Ba6 40.Rb6 Bc4 41.Ke3 Bf1 42.Kd4 Kg7
43.Rb7 Ra4+ 44.Ke3 Ra5 45.e5 g5 46.Bh5 gxf4+ 47.Kxf4 Kh6 48.Bxf7 Bxg2 49.Rb6 Ra4+
50.b4 Bh3 51.Bxe6 Bxe6 52.Rxe6+ Kh5 53.Rb6 Ra2 54.Rb8 Rxh2 55.e6 Re2 56.Kf5 Rf2+
57.Ke5 Re2+ 58.Kf5 Rf2+ 59.Ke5 Re2+ 60.Kf6 Rf2+ 61.Kg7 Rg2+ 62.Kf7 Rf2+ 63.Ke8 Rg2
64.Rd8 h3 65.e7 h2 66.Kd7 Rd2+ 67.Kc7  1-0

[Event "ESP-chT"]
[Site "Salamanca"]
[Date "1998.??.??"]
[Round "7"]
[White "Illescas Cordoba, Miguel"]
[Black "Lautier, Joel"]
[Result "1/2-1/2"]
[WhiteElo "2605"]
[BlackElo "2625"]

1.e4 c5 2.Nc3 Nc6 3.Nf3 e6 4.d4 cxd4 5.Nxd4 Qc7 6.Be2 a6 7.O-O Nf6 8.Be3 Bb4
9.Na4 Be7 10.Nxc6 bxc6 11.Nb6 Rb8 12.Nxc8 Qxc8 13.e5 Nd5 14.Bc1 Bc5 15.c4 Ne7
16.b3 Qc7 17.Bb2 Ng6 18.Qd3 O-O 19.Qe4 d6 20.exd6 Bxd6 21.g3 Rfd8 22.Rfd1 a5
23.Bh5 a4 24.Bxg6 hxg6 25.Rd3 c5 26.Rad1 axb3 27.axb3 Be7 28.Qe5 Qxe5 29.Rxd8+ Rxd8
30.Rxd8+ Bxd8 31.Bxe5 Be7 32.f4 g5 33.fxg5 Bxg5 34.Bd6 Be3+ 35.Kg2 f5 36.Kf3 Bd4
37.g4 Kf7 38.gxf5 exf5 39.b4  1/2-1/2

[Event "ESP-chT"]
[Site "Salamanca"]
[Date "1998.??.??"]
[Round "8"]
[White "Magem Badals, Jorge"]
[Black "Franco Ocampo, Zenon"]
[Result "1/2-1/2"]
[WhiteElo "2540"]
[BlackElo "2485"]

1.e4 c5 2.Nf3 Nc6 3.d4 cxd4 4.Nxd4 e6 5.Nc3 Qc7 6.Be2 a6 7.O-O Nf6 8.Be3 Be7
9.f4 d6 10.a4 O-O 11.Kh1 Bd7 12.Nb3 Nb4 13.a5 Bc6 14.Bf3 d5 15.e5 Ne4 16.Bb6 Qc8
17.Nd4 f5 18.g4 g6 19.gxf5  1/2-1/2

[Event "ESP-chT"]
[Site "Salamanca"]
[Date "1998.??.??"]
[Round "8"]
[White "Sanz Alonso, Francisco Javier"]
[Black "De la Riva Aguado, Oscar"]
[Result "1/2-1/2"]
[WhiteElo "2440"]
[BlackElo "2510"]

1.e4 c5 2.Nf3 e6 3.d4 cxd4 4.Nxd4 Nc6 5.Nc3 Qc7 6.f4 Nxd4 7.Qxd4 a6 8.Be2 b5
9.Bf3 Bb7 10.Be3 Rc8 11.O-O h5 12.Rad1 Nf6 13.h3 h4 14.Rf2 Be7 15.e5 Nh5
16.Ne4  1/2-1/2

[Event "Balazs mem op"]
[Site "Salgotarjan"]
[Date "1998.??.??"]
[Round "2"]
[White "Meszaros, Andras"]
[Black "Horvath, Gyula"]
[Result "1/2-1/2"]
[WhiteElo "2350"]
[BlackElo "2465"]

1.e4 c5 2.Nf3 e6 3.d4 cxd4 4.Nxd4 Nc6 5.Nc3 Qc7 6.Be2 a6 7.O-O Nf6 8.Kh1 d6
9.f4 Be7 10.Be3 O-O 11.Qe1 Bd7 12.Qg3 Kh8 13.Rae1 b5 14.a3 Rac8 15.Rf2 Qb8
16.Bd3 b4 17.Nce2 bxa3 18.bxa3 e5 19.fxe5 Nxe5 20.Nf5 Bxf5 21.Rxf5 Qb7 22.Bd4 Nxe4
23.Qe3 Nc5 24.Ng3 Ncxd3 25.cxd3 Bh4 26.Bxe5 dxe5 27.Rxe5 Rc2 28.Re4 h6 29.Qf3 Bxg3
30.hxg3 Kg8 31.d4 f5 32.Rf4 Qxf3 33.Rxf3 Rd2 34.Re6 Rxd4 35.Rxa6 Rd1+ 36.Kh2 h5
37.Ra5 Ra1 38.Raxf5  1/2-1/2

[Event "San Jose op"]
[Site "San Jose"]
[Date "1998.??.??"]
[Round "2"]
[White "Gaspar, LA."]
[Black "Gines, Pedro"]
[Result "0-1"]
[WhiteElo "2040"]
[BlackElo "2200"]

1.e4 c5 2.Nf3 Nc6 3.Nc3 e6 4.d4 cxd4 5.Nxd4 a6 6.Be3 Qc7 7.f4 d6 8.Be2 Nf6
9.O-O Bd7 10.f5 Nxd4 11.Bxd4 e5 12.Be3 Bc6 13.Qd3 b5 14.a3 Qb7 15.Bf3 Be7
16.Rad1 a5 17.Nd5 Nxd5 18.exd5 Bd7 19.b3 Rc8 20.Rf2 Bd8 21.Be4 f6 22.g4 Bb6
23.Kh1 Qa7 24.Rf3 Bxe3 25.Qxe3 Qxe3 26.Rxe3 Ke7 27.Kg2 g6 28.Rg3 h5  0-1

[Event "San Jose op"]
[Site "San Jose"]
[Date "1998.??.??"]
[Round "4"]
[White "Llanes, R."]
[Black "Lopez Gracia, Fernando"]
[Result "1/2-1/2"]
[WhiteElo "2240"]
[BlackElo "2315"]

1.e4 c5 2.Nf3 e6 3.d4 cxd4 4.Nxd4 Nc6 5.Nc3 Qc7 6.g3 a6 7.Bg2 Nf6 8.O-O Bc5
9.Be3 Ne5 10.Bf4 b5 11.Bxe5 Qxe5 12.Nf3 Qc7 13.e5 Ng8 14.Ng5 Bb7 15.Nce4 Nh6
16.Re1 Bxe4 17.Bxe4 Rd8 18.Bd3 Be7 19.Qh5 Bxg5 20.Qxg5 O-O 21.Re4 f5 22.exf6 Rxf6
23.a4 Rdf8 24.axb5 axb5 25.Rf1 Nf7 26.Qd2 Ne5 27.f4 Ng4 28.h3 Nh6 29.Re5 Nf5
30.Bxf5 Rxf5 31.Rfe1 h6 32.h4 Qb6+ 33.Kg2 Qc6+ 34.Kh2 R8f7 35.R1e3 g5 36.Rxf5 Rxf5
37.hxg5 hxg5 38.Re5 gxf4 39.gxf4 Qf3 40.Rxf5 exf5 41.Qg2+ Qxg2+ 42.Kxg2 Kf7
43.Kf3 Ke6 44.Ke3 Kd5 45.Kd3 Kc5 46.c3 Kd5 47.b3 Kc5 48.Ke3 Kd5 49.Kd3  1/2-1/2

[Event "San Jose op"]
[Site "San Jose"]
[Date "1998.??.??"]
[Round "6"]
[White "Aznar, A."]
[Black "Lorente, R."]
[Result "1-0"]
[WhiteElo "2020"]
[BlackElo "1685"]

1.e4 c5 2.Nf3 e6 3.d4 cxd4 4.Nxd4 Nc6 5.Nc3 a6 6.g3 Qc7 7.Bg2 Nf6 8.O-O d6
9.h3 Bd7 10.Be3 b5 11.g4 Rc8 12.g5 Ng8 13.f4 Na5 14.f5 Nc4 15.fxe6 Bxe6 16.Nxe6 fxe6
17.Qf3 Qe7 18.Bd4 Nd2 19.Qh5+ g6 20.Qg4 Nxf1 21.Rxf1 Bg7 22.Bxg7 Qxg7 23.Qxe6+ Qe7
24.Qxc8+  1-0

[Event "San Jose op"]
[Site "San Jose"]
[Date "1998.??.??"]
[Round "8"]
[White "Gimeno Oteo, Marco Antonio"]
[Black "Hernando Rodrigo, Julio Ant"]
[Result "1/2-1/2"]
[WhiteElo "2260"]
[BlackElo "2245"]

1.e4 c5 2.Nf3 e6 3.d4 cxd4 4.Nxd4 Nc6 5.Nc3 Qc7 6.g3 a6 7.Bg2 Nf6 8.O-O Nxd4
9.Qxd4 Bc5 10.Qd2 O-O 11.b3 Be7 12.Bb2 Rd8 13.Rad1 d6 14.f4 b5 15.a3 Bb7  1/2-1/2

[Event "San Jose op"]
[Site "San Jose"]
[Date "1998.??.??"]
[Round "8"]
[White "Fuertes Garay, Javier"]
[Black "Aznar, A."]
[Result "0-1"]
[WhiteElo "2140"]
[BlackElo "2020"]

1.e4 c5 2.Nf3 e6 3.d4 cxd4 4.Nxd4 Nc6 5.Nc3 Qc7 6.Be2 a6 7.O-O Nf6 8.a3 Bd6
9.f4 Nxd4 10.Bd3 Bc5 11.Kh1 h5 12.e5 Ng4 13.h3 b5 14.Ne4 Nf5 15.Qe1 Bb7 16.Bd2 Bxe4
17.Bxe4 Rc8 18.Rf3 Nf2+ 19.Kh2 Ng4+ 20.Kh1 Nf2+ 21.Kh2 Nxe4 22.Qxe4 Qc6 23.Qe1 Bd4
24.c3 Bb6 25.Rd1 h4 26.Rd3 Rh6 27.Qf1 Rg6 28.Bc1 Ng3 29.Qe1 Ne4 30.Qf1 Nf2
31.Rd6 Qb7 32.Rxd7 Qxd7 33.Rxd7 Kxd7 34.a4 Ke7 35.axb5 Rd8 36.g4 hxg3+ 37.Kg2 Rd1
38.Qc4 Nxh3 39.Qb4+ Ke8 40.bxa6 Rg1+ 41.Kxh3 g2  0-1

[Event "Sao Paulo State-ch3"]
[Site "Sao Caetano"]
[Date "1998.??.??"]
[Round "?"]
[White "Martins, Carlos"]
[Black "Leitao, Rafael"]
[Result "1/2-1/2"]
[WhiteElo "2295"]
[BlackElo "2515"]

1.e4 c5 2.Nf3 e6 3.d4 cxd4 4.Nxd4 Nc6 5.Nc3 Qc7 6.Be3 a6 7.Qd2 b5 8.Nxc6 Qxc6
9.f3 d6 10.O-O-O Bb7 11.g4 Nf6 12.Ne2 Nd7 13.Nd4 Qc7 14.Kb1 Ne5 15.b3 Be7
16.Rg1 O-O 17.g5 Rfd8 18.h4 Nc6 19.Bd3 d5 20.exd5 Nxd4 21.Bxd4 Rxd5 22.Bb2 Bc5
23.Qc3 e5 24.Be4 Rxd1+ 25.Rxd1 Bxe4 26.fxe4 Bd6 27.Rd5  1/2-1/2

[Event "Sao Paulo State-ch3"]
[Site "Sao Caetano"]
[Date "1998.??.??"]
[Round "?"]
[White "Capucci, Marcos"]
[Black "Marques, Vinicius"]
[Result "1/2-1/2"]
[WhiteElo "2205"]
[BlackElo "2260"]

1.e4 c5 2.Nf3 e6 3.d4 cxd4 4.Nxd4 Nc6 5.Nc3 Qc7 6.Be3 a6 7.Bd3 Nf6 8.O-O Bd6
9.h3 Bh2+ 10.Kh1 Bf4 11.Bxf4 Qxf4 12.Qf3 Qxf3 13.Nxf3 d6 14.Rad1 Ke7 15.Rfe1 b5
16.e5 Nxe5 17.Nxe5 dxe5 18.Rxe5 Bb7 19.a3 Rhd8 20.Ree1 Rac8 21.Kg1 Rc5 22.Be2 Rdc8
23.Bd3 Rg5 24.g3 h5 25.h4 Rgc5 26.Ne2 g5 27.Nd4 gxh4 28.Nf5+ Kf8 29.Nd6 Bf3
30.Nxc8 Bxd1 31.Rxd1 Rxc8 32.gxh4 Ke7 33.f3 Nd5 34.Kf2 Nf4 35.c3 e5 36.Bc2 Rg8
37.Ke3 Ng2+ 38.Ke4 Nxh4 39.Rh1 Rg2 40.Rxh4 Rxc2 41.Rxh5 f6 42.Rh7+ Ke6 43.Ra7 f5+
44.Kd3 Rxb2 45.Rxa6+ Kd5 46.Ra8 e4+ 47.fxe4+ fxe4+ 48.Ke3 Kc4 49.a4 bxa4
50.Rxa4+  1/2-1/2

[Event "Sao Paulo zt"]
[Site "Sao Paulo"]
[Date "1998.??.??"]
[Round "1"]
[White "Rocha, Wellington Carlos"]
[Black "Vescovi, Giovanni"]
[Result "1/2-1/2"]
[WhiteElo "2315"]
[BlackElo "2525"]

1.e4 c5 2.Nf3 e6 3.d4 cxd4 4.Nxd4 Nc6 5.Nc3 Qc7 6.g3 a6 7.Bg2 Nf6 8.O-O d6
9.Nxc6 bxc6 10.b3 Be7 11.Bb2 O-O 12.Na4 Nd7 13.c4 Bb7 14.Qd2 c5 15.Rad1 Bc6
16.Nc3 Rfd8 17.f4 Nf8 18.f5 Bf6 19.Nd5 exd5 20.Bxf6 gxf6 21.exd5 Bb7 22.Qh6 Re8
23.Rf4 Bc8 24.Rdf1 Re5 25.Rg4+ Ng6 26.fxg6 fxg6 27.Re4 Qg7  1/2-1/2

[Event "Sao Paulo zt"]
[Site "Sao Paulo"]
[Date "1998.??.??"]
[Round "3"]
[White "Van Riemsdijk, Herman C"]
[Black "Saavedra, Carlos"]
[Result "1-0"]
[WhiteElo "2405"]
[BlackElo "2205"]

1.e4 c5 2.Nf3 e6 3.d4 cxd4 4.Nxd4 Nc6 5.Nc3 a6 6.g3 d6 7.Bg2 Bd7 8.O-O Nf6
9.Nce2 Rc8 10.c4 Nxd4 11.Qxd4 Be7 12.a4 O-O 13.b3 Qc7 14.h3 Bc6 15.Bb2 Rfd8
16.Nc3 b6 17.Rfe1 Qb8 18.Kh2 Bf8 19.f4 b5 20.cxb5 axb5 21.axb5 Bxb5 22.Nxb5 Qxb5
23.Qa4 Rb8 24.Bxf6 gxf6 25.Reb1 Qb4 26.Qxb4 Rxb4 27.Ra4 Rdb8 28.Rxb4 Rxb4
29.Kg1 Be7 30.Kf2 Bd8 31.Kf3 Bb6 32.Bf1 Bc5 33.Bc4 Rb7 34.Ra1 Kg7 35.g4 Rb8
36.Ra6 Rb7 37.Rc6 Ba3 38.f5 exf5 39.gxf5 Bc5 40.Rc8 Bd4 41.Bd5 Ra7 42.Ke2 Ra1
43.Rc7 Ra7 44.Rc4 Ra2+ 45.Kd3 Bg1 46.Rc6 Bc5 47.Kc4 Ra1 48.Rc7 Ra7 49.Rc8 h5
50.Kb5 Ra1 51.Rc7 Bd4 52.Rxf7+ Kh6 53.h4 Rg1 54.b4 Rg4 55.Kc4 Be5 56.b5  1-0

[Event "Sao Paulo zt"]
[Site "Sao Paulo"]
[Date "1998.??.??"]
[Round "6"]
[White "Martins, Carlos"]
[Black "Rocha, Wellington Carlos"]
[Result "0-1"]
[WhiteElo "2305"]
[BlackElo "2315"]

1.e4 c5 2.Nf3 e6 3.d4 cxd4 4.Nxd4 Nc6 5.Nc3 Nf6 6.Nxc6 bxc6 7.e5 Nd5 8.Ne4 Qc7
9.f4 Qb6 10.c4 Bb4+ 11.Ke2 f5 12.Nf2 Ba6 13.Kf3 Ne7 14.Be3 Bc5 15.Bxc5 Qxc5
16.Qd6 Qb6 17.b3 c5 18.Rd1 Bb7+ 19.Kg3 Bc6 20.Nd3 g5 21.fxg5 Rg8 22.h4 f4+
23.Kf2 Nf5 24.Qxc5 Ng3 25.Kg1 Nxh1 26.Kxh1 f3 27.Rd2 Rf8 28.Qxb6 axb6 29.g3 Ra5
30.b4 Ra3 31.b5 Ba8 32.Kg1 Ke7 33.Kf2 Bb7 34.Ne1 Be4 35.Bd3 Bxd3 36.Nxd3 Rfa8
37.Kxf3 R8a4 38.Kg4 Rxc4+ 39.Nf4 Re3 40.Rd6 Rxe5 41.Rxb6 Re3 42.h5 Rcc3 43.Kh4 Rxg3
44.Rb8 Rg1 45.Rh8 Rc4 46.Rxh7+ Kf8 47.h6 Rxf4+ 48.Kh5 Rf5 49.Rh8+ Kf7 50.Rh7+ Kg8
51.Rg7+ Kh8 52.b6 Rb5 53.a4 Rxb6 54.Rxd7 Rh1+ 55.Kg6 e5+ 56.Kf5 Rf1+ 57.Kxe5 Rg6  0-1

[Event "ECI IMJ 25th"]
[Site "Sas Van Gent"]
[Date "1998.??.??"]
[Round "1"]
[White "Sepp, Olav"]
[Black "Berend, Fred"]
[Result "1/2-1/2"]
[WhiteElo "2380"]
[BlackElo "2355"]

1.e4 c5 2.Ne2 Nc6 3.d4 cxd4 4.Nxd4 e6 5.Nc3 a6 6.Be2 d6 7.O-O Nf6 8.Be3 Be7
9.f4 O-O 10.Kh1 Bd7 11.Nb3 b5 12.Bf3 Qc7 13.a3 Rab8 14.g4 Bc8 15.g5 Nd7 16.Bg2 Re8
17.f5 Nde5 18.f6 Bf8 19.fxg7 Bxg7 20.Qh5 b4 21.axb4 Nxb4 22.Rac1 Bb7 23.Bg1 Ng6
24.Nd4 Nc6 25.Nce2 Re7 26.c3 Rd7 27.Nc2 Nce5 28.Ne3 Nd3 29.Rc2 Qd8 30.Rd2 Nge5
31.Ng3 Bc6 32.b4 Rb5 33.Qd1 d5 34.exd5 Bxd5 35.Nxd5 Rdxd5 36.Bd4 Rxd4 37.cxd4 Qxd4
38.Nh5 Qe3 39.Nxg7 Kxg7 40.Re2 Qd4 41.Rd2 Rxb4 42.Qh5 Qh4 43.Qxh4 Rxh4 44.Ra1 Rb4
45.Bf1 Nc5 46.Rc2 Ne4 47.Bxa6 Nxg5 48.Rg2 Kh6 49.Rf1 f5 50.Re1 Nef3 51.Rf1 Nh4
52.Re2 Kg6 53.Ree1 Nhf3 54.Rxe6+ Nxe6 55.Rxf3 Ng5 56.Rf1 Rd4 57.Kg2 Ne4 58.Bc8 Rd2+
59.Kh3 Nd6 60.Bd7 Kf6 61.Bc6 Ke5 62.Re1+ Ne4 63.Bb7 Rf2 64.Ra1 Kf4 65.Ra4 Rb2
66.Ba8 Rc2 67.Bb7 Rc7 68.Ba8 Ke3 69.Ra3+ Kf4 70.Ra4 Rg7 71.Kh4 Rg2 72.Kh3 Rg6
73.Bb7 Rb6 74.Ba8 Rd6 75.Bb7 Rh6+ 76.Kg2 Rg6+ 77.Kh3 Rd6 78.Ba8 Rb6 79.Kg2 Rb2+
80.Kh3 Rb3+ 81.Kh4 Rb6 82.Kh3  1/2-1/2

[Event "ECI IMJ 25th"]
[Site "Sas Van Gent"]
[Date "1998.??.??"]
[Round "6"]
[White "Klip, Hans"]
[Black "Berend, Fred"]
[Result "1-0"]
[WhiteElo "2345"]
[BlackElo "2355"]

1.e4 c5 2.Nf3 e6 3.d4 cxd4 4.Nxd4 Nc6 5.Nc3 a6 6.Nxc6 bxc6 7.Bd3 d5 8.O-O Nf6
9.e5 Nd7 10.Re1 Qc7 11.Bf4 Bb7 12.Na4 c5 13.c4 d4 14.b3 f5 15.Be2 Be7 16.Bh5+ g6
17.Bf3 O-O 18.Bxb7 Qxb7 19.Qd2 Rf7 20.f3 Qc7 21.Rab1 a5 22.Nb2 Qd8 23.Bh6 g5
24.Nd3 Kh8 25.h4 gxh4 26.Nf4 Qb6 27.Nd5 Qc6 28.Nxe7 Rxe7 29.Qg5 Rae8 30.Qxh4 Qc7
31.Rbd1 Rf7 32.Qh5 Nf8 33.Bg5 Ng6 34.Kf2 Kg8 35.f4 Rb8 36.Qh6 Rff8 37.Rd3 Qg7
38.Qh5 Rb7 39.Rh1 a4 40.Bh6 Qf7 41.Bxf8 Qxf8 42.Rg3 Rg7 43.bxa4 Qa8 44.Rxg6  1-0

[Event "ECI IMJ 25th"]
[Site "Sas Van Gent"]
[Date "1998.??.??"]
[Round "7"]
[White "Sepp, Olav"]
[Black "Kiik, Kalle"]
[Result "1/2-1/2"]
[WhiteElo "2380"]
[BlackElo "2430"]

1.e4 c5 2.Nf3 e6 3.d4 cxd4 4.Nxd4 Nc6 5.Nc3 d6 6.Be3 Nf6 7.Be2 Be7 8.O-O O-O
9.f4 e5 10.Nxc6 bxc6 11.fxe5  1/2-1/2

[Event "Staufer op 10th"]
[Site "Schwaebisch Gmuend"]
[Date "1998.??.??"]
[Round "4"]
[White "Vogt, Lothar"]
[Black "Krockenberger, Martin"]
[Result "1-0"]
[WhiteElo "2510"]
[BlackElo "2310"]

1.e4 c5 2.Nf3 e6 3.d4 cxd4 4.Nxd4 Nc6 5.Nc3 Qc7 6.g3 a6 7.Bg2 d6 8.O-O Bd7
9.Re1 Nf6 10.Nxc6 Bxc6 11.a4 Be7 12.a5 O-O 13.Be3 Rac8 14.Bb6 Qb8 15.Nd5 Bxd5
16.exd5 e5 17.Bh3 Rce8 18.c4 h6 19.b4 Bd8 20.Qb3 Nh7 21.c5 f5 22.c6 Rf7 23.b5 axb5
24.Qxb5 e4 25.Bxd8 Rxd8 26.Rab1  1-0

[Event "RUS-chJ Girls"]
[Site "Sochi"]
[Date "1998.??.??"]
[Round "?"]
[White "Vrublevskaya, Olga"]
[Black "Dorofeeva, Anna"]
[Result "1/2-1/2"]
[WhiteElo "2225"]
[BlackElo "2345"]

1.e4 c5 2.Nf3 e6 3.d4 cxd4 4.Nxd4 Nc6 5.Nc3 Qc7 6.g3 Nf6 7.Ndb5 Qb8 8.Bf4 e5
9.Bg5 a6 10.Bxf6 gxf6 11.Na3 Bb4 12.Nc4 b5 13.Ne3 Ne7 14.Bg2 Qc7 15.O-O Bxc3
16.bxc3 h5 17.a4 Bb7 18.Qd3 Rb8 19.axb5 axb5 20.Ra7 Qc5 21.Ra5 Bc6 22.Rb1 Rh6
23.c4 f5 24.exf5 Qb6 25.Raa1 Qd4 26.Ra6 b4 27.Nd5 Qxd3 28.cxd3 Nxf5 29.Rxb4 Rc8
30.Rab6 Bxd5 31.Rxh6 Nxh6 32.Bxd5 Nf5 33.Rb6 Ke7 34.h4 f6 35.Bf3 Rh8 36.Rb7 Nd4
37.Bd5 Rf8 38.Rb6 Rh8 39.Kf1 Rf8 40.Ke1  1/2-1/2

[Event "ROM-chT"]
[Site "Sovata"]
[Date "1998.??.??"]
[Round "5"]
[White "Ardeleanu, George Catalin"]
[Black "Istrate, Bogdan"]
[Result "1/2-1/2"]
[WhiteElo "2295"]
[BlackElo "2350"]

1.e4 c5 2.Nf3 e6 3.Nc3 Nc6 4.d4 cxd4 5.Nxd4 Qc7 6.Be2 a6 7.O-O Nf6 8.Bg5 Be7
9.Qd3 Ng4 10.Bxg4 Bxg5 11.Rae1 Ne5 12.Qg3 Bf6 13.Be2 O-O 14.Kh1 d6 15.f4 Nc4
16.Bxc4 Bxd4 17.Bb3 Bd7 18.Nd1 Bb5 19.Rf3 Bc4 20.c3 Bxb3 21.axb3 Bf6 22.Ne3 Kh8
23.Ng4 Qe7 24.Nxf6 Qxf6 25.Rd3 Rad8 26.Red1 Qe7 27.Qe3 Rd7 28.Qb6 Rfd8 29.c4 h6
30.g3 d5 31.cxd5 exd5 32.e5 Qe6 33.Qc5 Qf5 34.Rd4 Qg4 35.Qc3 Qe2 36.Kg1 Rc7
37.Qxc7 Qe3+ 38.Kg2 Qe2+ 39.Kh3 Qh5+ 40.Kg2 Qe2+  1/2-1/2

[Event "St Petersburg-ch (Women)"]
[Site "St Petersburg"]
[Date "1998.??.??"]
[Round "?"]
[White "Shirjaeva, Yaroslava"]
[Black "Zvereva, Marija"]
[Result "0-1"]
[WhiteElo "2100"]
[BlackElo "2240"]

1.e4 c5 2.Nf3 e6 3.Nc3 Nc6 4.d4 cxd4 5.Nxd4 Nf6 6.Nxc6 bxc6 7.e5 Nd5 8.Ne4 Qc7
9.f4 Qb6 10.c4 Bb4+ 11.Ke2 Ba6 12.Kf3 f5 13.Ng5 h6 14.Nh3 Nc7 15.a3 Be7 16.Be3 Qb7
17.Be2 Rd8 18.Kf2 O-O 19.Qc2 d5 20.exd6 Bxd6 21.b4 e5 22.Rhf1 Ne6 23.Kg1 Qf7
24.Rad1 e4 25.Kh1 c5 26.bxc5 Bxc5 27.Bxc5 Nxc5 28.Nf2 Qc7 29.Qc1 Ne6 30.Rxd8 Rxd8
31.Rd1 Rxd1+ 32.Qxd1 Nxf4 33.Qa4 Qc8 34.Bf1 e3 35.Qc2 exf2 36.Qxf2 Ng6 37.h3 Bxc4
38.Bxc4+ Qxc4 39.Qxa7 Qe4 40.Qb8+ Kh7 41.Qb2 Qe1+ 42.Kh2  0-1

[Event "Petrov mem"]
[Site "St Petersburg"]
[Date "1998.??.??"]
[Round "1"]
[White "Solovjov, Sergey"]
[Black "Driamin, Dmitrij"]
[Result "0-1"]
[WhiteElo "2450"]
[BlackElo "2230"]

1.e4 c5 2.Nf3 e6 3.d4 cxd4 4.Nxd4 Nc6 5.Nc3 Qc7 6.g3 a6 7.Bg2 Nf6 8.O-O Be7
9.a4 O-O 10.Nb3 b6 11.f4 Bb7 12.g4 d5 13.e5 Nd7 14.Be3 Rac8 15.Ne2 Nc5 16.Nbd4 Na5
17.Qe1 Nc4 18.Bc1 Ne4 19.Kh1 Qd8 20.Nf3 Na5 21.Ned4 Nc6 22.c3 Nxd4 23.Nxd4 Bc5
24.Be3 Bxd4 25.Bxd4 Nc5 26.Qe3 Rc6 27.a5 Qh4 28.Ra3 Qxg4 29.axb6 Ne4 30.Rg1 Qh4
31.Bf1 Rxb6 32.b4 Rc6 33.b5 axb5 34.Bxb5 Rc7 35.Qf3 g6 36.Ra7 Ra8 37.Rxa8+ Bxa8
38.Ra1 Bc6 39.Bf1 Rb7 40.Ra8+ Kg7 41.Ra2 Rb1 42.Kg2 Rc1 43.Rb2 Nxc3 44.Qg3 Qxg3+
45.hxg3 Rd1 46.Rb6 Rxd4 47.Rxc6 Ne4 48.Rc7 Rd2+ 49.Kh3 h5  0-1

[Event "Petrov mem"]
[Site "St Petersburg"]
[Date "1998.??.??"]
[Round "3"]
[White "Sepman, Yelius"]
[Black "Kochyev, Alexander"]
[Result "0-1"]
[WhiteElo "2155"]
[BlackElo "2430"]

1.e4 c5 2.Nf3 e6 3.d4 cxd4 4.Nxd4 Nc6 5.Nc3 a6 6.Be2 Nge7 7.Be3 b5 8.O-O Bb7
9.a3 Nxd4 10.Bxd4 Nc6 11.Be3 Be7 12.f4 O-O 13.Bd3 d6 14.Qh5 g6 15.Qh3 Bf6
16.f5 Qe7 17.Rae1 Rac8 18.g4 Ne5 19.Qg2 exf5 20.gxf5 Nc4 21.Bc1 Rfe8 22.Qf3 Bd4+
23.Kh1 d5 24.fxg6 fxg6 25.exd5 Qxe1 26.Qf7+ Kh8 27.Rxe1 Rxe1+ 28.Kg2 Rg1+
29.Kh3 Rb8 30.Be2 Nd6 31.Be3 Be5 32.Qe6 Bc8 33.Bxg1 Bxe6+ 34.dxe6 Re8 35.Bg4 h5
36.Bf3 Bxc3 37.bxc3 Rxe6 38.Bd4+ Kh7 39.Bd5 Re2 40.Bb3 Nc4 41.a4 g5 42.axb5 axb5
43.Kg3 Kg6 44.h3 Kf5 45.Kf3 Re4 46.Kg3 h4+ 47.Kf3 g4+ 48.hxg4+ Rxg4  0-1

[Event "St Petersburg-ch"]
[Site "St Petersburg"]
[Date "1998.??.??"]
[Round "5"]
[White "Yemelin, Vasily"]
[Black "Kochyev, Alexander"]
[Result "1-0"]
[WhiteElo "2485"]
[BlackElo "2430"]

1.e4 c5 2.Nf3 e6 3.d4 cxd4 4.Nxd4 Nc6 5.Nc3 d6 6.Be2 Nf6 7.O-O Be7 8.Be3 O-O
9.f4 Bd7 10.Kh1 a6 11.a4 Rc8 12.Qd2 Nxd4 13.Bxd4 Bc6 14.Qe3 Nd7 15.Rfd1 Qc7
16.a5 Bf6 17.Bxf6 Nxf6 18.Bf3 Rfd8 19.h3 h6 20.Rd2 Rd7 21.Ne2 e5 22.c4 exf4
23.Qxf4 Re8 24.Nc3 Re5 25.b4 Rde7 26.Rd4 R7e6 27.Rad1 g5 28.Qg3 h5 29.Nd5 Bxd5
30.exd5 Re8 31.c5 dxc5 32.d6 Qd7 33.bxc5 Rxc5 34.Rb4 h4 35.Qf2 Rb5 36.Rxb5 axb5
37.Bxb7 Ne4 38.Bxe4 Rxe4 39.a6 Ra4 40.a7 Kg7 41.Qc5  1-0

[Event "Petrov mem"]
[Site "St Petersburg"]
[Date "1998.??.??"]
[Round "5"]
[White "Karasev, Vladimir I"]
[Black "Driamin, Dmitrij"]
[Result "1-0"]
[WhiteElo "2370"]
[BlackElo "2230"]

1.e4 c5 2.Nf3 e6 3.d4 cxd4 4.Nxd4 Nc6 5.Nc3 Qc7 6.f4 a6 7.Nxc6 bxc6 8.Bd3 d5
9.O-O Nf6 10.Qe2 Be7 11.b3 O-O 12.Bb2 a5 13.Kh1 Re8 14.Rae1 h6 15.Na4 dxe4
16.Bxe4 Ba6 17.c4 Nxe4 18.Qxe4 c5 19.Be5 Qa7 20.Bc3 Bb7 21.Qe5 Bf8 22.Re3 f6
23.Qh5 Bc6 24.Rg3 Kh8 25.Qg6 Qe7 26.Rh3 Kg8 27.Rxh6 Be4 28.Qg3 Red8 29.Bxf6 Qf7
30.Bxd8 Rxd8 31.Rh8+ Kxh8 32.Qh4+ Kg8 33.Qxd8 e5 34.Nc3 Bc6 35.Nd5  1-0

[Event "Petrov mem"]
[Site "St Petersburg"]
[Date "1998.??.??"]
[Round "5"]
[White "Voitsekhovsky, Stanislav"]
[Black "Kochyev, Alexander"]
[Result "1/2-1/2"]
[WhiteElo "2540"]
[BlackElo "2430"]

1.e4 c5 2.Nf3 e6 3.d4 cxd4 4.Nxd4 Nc6 5.Nc3 a6 6.Be2 Qc7 7.O-O Nf6 8.Be3 Be7
9.f4 d6 10.a4 O-O 11.Kh1 Bd7 12.Nb3 b6 13.Bf3 Rfd8 14.g4 Be8 15.g5 Nd7 16.Bg2 Nc5
17.Qg4 Nxb3 18.cxb3 b5 19.a5 Rab8 20.f5 Ne5 21.Qg3 Bc6 22.Rf4 b4 23.Ne2 exf5
24.exf5 Bxg2+ 25.Qxg2 Qb7 26.Re4 Bf8  1/2-1/2

[Event "Rilton Cup 97/98"]
[Site "Stockholm"]
[Date "1998.??.??"]
[Round "3"]
[White "Gdanski, Jacek"]
[Black "Seeman, Tarvo"]
[Result "0-1"]
[WhiteElo "2505"]
[BlackElo "2395"]

1.e4 c5 2.Nf3 e6 3.Nc3 Nc6 4.d4 cxd4 5.Nxd4 d6 6.Bc4 Nf6 7.Be3 Be7 8.Qe2 a6
9.Bb3 O-O 10.O-O-O Qc7 11.g4 Nxd4 12.Rxd4 Nd7 13.g5 Nc5 14.Rg1 b5 15.e5 Nxb3+
16.axb3 d5 17.Rh4 Qxe5 18.Qd3 Qf5 19.Qxf5 exf5 20.Nxd5 Bd8 21.Bc5 Re8 22.Nf6+ Bxf6
23.gxf6 g6 24.Be7 Be6 25.c4 Rac8 26.c5 Bxb3 27.Rg3 Bd5 28.b4 Be6 29.Rd4 Rc6
30.Kd2 h6 31.h4 Kh7 32.Ra3 g5 33.h5 Bc8 34.Rd6 Rc7 35.c6 f4 36.Kd3 Bg4 37.Rxa6 Bxh5
38.Rd7 Rec8 39.Rxc7 Rxc7 40.Ke4 Bg4 41.Bd8 Bc8 42.Bxc7 Bxa6 43.Bb6 Kg6 44.Ke5 h5
45.f3 Bc8 46.Bg1 Bh3 47.Bh2 Bg2 48.c7 Bh3 49.Kd6 Kxf6 50.Kc6 Ke7 51.Kxb5 Kd7
52.Kb6 Kc8 53.Kc5 Kxc7 54.Kd5 f6 55.Bg1 Kd7 56.Bd4 Ke7 57.Bc5+ Kf7 58.Bb6 Bc8
59.Ke4 Bb7+  0-1